| 000 | 00489nam a2200217Ia 4500 | ||
|---|---|---|---|
| 008 | 210210b2018 xxu||||| |||| 00| 0 eng d | ||
| 020 | _a0199485941 | ||
| 041 | _aeng | ||
| 082 | _a598 BALI | ||
| 100 | _aBALACHANDRAN (S) | ||
| 245 | _aIndian bird migration atlas | ||
| 260 |
_aNew York _bOxford _c2018 |
||
| 300 | _axvi,216 | ||
| 650 | _amigration | ||
| 650 | _aIndian | ||
| 650 | _abird | ||
| 650 | _aatlas | ||
| 690 | _aBirds | ||
| 700 | _aKATTI (Tuhina) | ||
| 906 | _a072723 | ||
| 999 |
_c122568 _d122568 |
||